Logo BPK

Biblioteka

Politechniki Koszalińskiej

Elektroniczne mierniki promieniowania jonizującego : (Rekord nr 19017)

Szczegóły MARC
000 -ETYKIETA REKORDU
podpole kontrolne o stałej długości 00532nam a2200181 i 4500
001 - NUMER KONTROLNY REKORDU
pole kontrolne bg
040 ## - ŹRÓDŁO KATALOGOWANIA
Instytucja, która utworzyła rekord BPK
041 ## - KOD JĘZYKA
Kod języka tekstu pol
080 ## - UNIWERSALNA KLASYFIKACJA DZIESIĘTNA - UKD
UKD 621.039
008 - POLE O STAŁEJ DŁUGOŚCI - DANE KONTROLNE
podpole kontrolne o stałej długości s pl f |000 0 pol
100 1# - NAZWA OSOBOWA
Nazwa osobowa PIĄTKOWSKI, Adam
245 #0 - TYTUŁ/ODPOWIEDZIALNOŚĆ
Tytuł Elektroniczne mierniki promieniowania jonizującego :
Ciąg dalszy tytułu poradnik /
Pozostałe elementy strefy tytułu i oznaczenia odpowiedzialności Adam Piątkowski, Waldemar Scharf.
250 ## - STREFA WYDANIA
Oznaczenie wydania Wyd.2 przerob. i unowocz.
260 ## - STREFA ADRESU WYDAWNICZEGO
Miejsce wydania Warszawa :
Nazwa wydawcy/dystrybutora Wydaw. MON,
Data publikacji, dystrybucji/powstania dokumentu 1979.
650 #9 - HASŁO PRZEDMIOTOWE W FORMIE NAZWY OGÓLNEJ LUB JEDNOSTKOWEJ
Nazwa ogólna lub geograficzna Promieniowanie jonizujące
Określnik ogólny pomiary
700 1# - HASŁO DODATKOWE - NAZWA OSOBOWA
Nazwa osobowa SCHARF, Waldemar
856 ## - LOKALIZACJA I DOSTĘP DO ELEKTRONICZNYCH DOKUMENTÓW ZDALNYCH
Link (URL) http://koha.tu.koszalin.pl/cgi-bin/koha/opac-detail.pl?biblionumber=19017
Tekst linku Katalog online BPK
942 ## - DODATKOWE ELEMENTY (KOHA)
Typ dokumentu Książka
Egzemplarze
Wycofany Status egzemplarza Uszkodzony Dostępność Lokalizacja stała Lokalizacja bieżąca Miejsce przechowywania Sygnatura Kod kreskowy Dział Typ dokumentu Ostatnio wypożyczono
      Dostępny Biblioteka Politechniki Koszalińskiej Biblioteka Politechniki Koszalińskiej Wypożyczalnia BG 26708/L 02268767   Książka 02.12.2013
      Dostępny Biblioteka Politechniki Koszalińskiej Biblioteka Politechniki Koszalińskiej Wypożyczalnia BG 26709 01652222   Książka  
      Tylko na miejscu Czytelnia Wydziału Elektroniki i Informatyki, Wydziału Architektury i Wzornictwa, Wydziału Inżynierii Mechanicznej i Energetyki oraz Wydziału Inżynierii Lądowej, Środowiska i Geodezji Czytelnia Wydziału Elektroniki i Informatyki, Wydziału Architektury i Wzornictwa, Wydziału Inżynierii Mechanicznej i Energetyki oraz Wydziału Inżynierii Lądowej, Środowiska i Geodezji Czytelnia Wydziałowa ul. Śniadeckich 2 26708 02221601 621.38 Elektronika Książka  
© 2023 Biblioteka Politechniki Koszalińskiej :: KOHA